Responses for Show #1923 - Wednesday, January 6, 1993

Contestants

[<< previous game]

Brian McCarthy, an advertising account executive from Willow Grove, Pennsylvania

Ann Elizabeth Zibrat, a private school principal from Laurel, Maryland

Marty Green, an electrician from Fresh Meadows, New York (whose 1-day cash winnings total $6,500)

[next game >>]

Jeopardy! Round responses

ANCIENT EGYPT
MOVIE NOSTALGIA
BUSINESS & INDUSTRY
BATHING
GOING TO THE DOGS
HOMOPHONES
    $100 13
papyrus

Ann Elizabeth
    $100 2
Casablanca

Ann Elizabeth
    $100 1
(Marty: What are tissues?)

Kleenex

MartyBrian
    $100 8
rocks (stones)

Brian
    $100 26
a collie

Brian
    $100 14
a lay (lei)

Brian
    $200 19
kilts

Brian
    $200 3
Lawrence of Arabia

Marty
    $200 4
Limited

Brian
    $200 9
Rome

Marty
    $200 27
a German shepherd

Ann Elizabeth
    $200 15
(Marty: What is a jean?) [Originally ruled incorrect; reversed before Double Jeopardy! Round]

genes (jeans)

MartyAnn Elizabeth
    $300 20
(Ann Elizabeth: What is mead?)

beer

Ann ElizabethBrian
    $300 5
Porgy and Bess

Brian
    $300 23
Lloyd's

Marty
    $300 10
Ben Franklin

Brian
    $300 28
a spaniels

Marty
    $300 16
karats (carats)

Ann Elizabeth
    $400 21
the Library at Alexandria

Ann Elizabeth
    $400 6
Charlie Chaplin

Marty
    $400 24
Battle Creek

Brian
    $600 11
sitz bath

Brian
    $400 29
hackles

Marty
    $400 17
alter (altar)

Marty
    $500 22
Isis

Marty
    $500 7
The Prince and the Pauper

Marty
    $500 25
(Marty: What is Warner Brothers?)
...
(Alex: It is not Warner Brothers, it is [*].)

Warner Communications

Marty
Triple Stumper
    $500 12
(Ann Elizabeth: What is coconut?)
(Marty: What is a banana?)

the loofah

MartyAnn Elizabeth
Triple Stumper
    $500 30
Basenjis

Ann Elizabeth
    $500 18
to peek (peak)

Brian

Scores at the first commercial break (after clue 13):

Marty Ann Elizabeth Brian
$700 -$300 $1,600

Scores at the end of the Jeopardy! Round:

Marty Ann Elizabeth Brian
$2,300 $1,000 $3,200

Double Jeopardy! Round responses

HISTORIC PARTITIONS
RECENT BOOKS
THIRD PARTIES
ST. PAUL
MINNESOTA
(Alex: Cute, isn't it?)
STAINED GLASS
    $200 18
Ireland

Brian
    $200 13
Jackie Gleason

Brian
    $200 5
the Bull Moose Party

Marty
    $200 1
Peter

Marty
    $200 2
Minneapolis

Marty
    $200 26
buttresses

Marty
    $400 19
Bangladesh

Triple Stumper
    $400 14
(Daryl) Gates

Brian
    $400 6
the Prohibitionist Party

Marty
    $400 4
tents

Brian
    $400 3
the Vikings

Ann Elizabeth
    $400 27
lead

Marty
    $600 20
(Brian: What is Jordan?)
(Ann Elizabeth: What is Korea?)

Vietnam

Ann ElizabethBrian
Triple Stumper
    $600 15
Spenser

Brian
    $600 7
the Greenback Party

Marty
    $600 21
Tarsus

Marty
    $600 10
iron ore

Marty
    $600 28
(Ann Elizabeth: [No response])
(Marty: What is art deco?)

Art Nouveau

MartyAnn Elizabeth
Triple Stumper
    $800 22
Cyprus

Marty
    $1,400 16
(Brian: What is Lonesome Dove?)

Terms of Endearment

Brian
    $800 8
(Brian: What is Minnesota?)

New York

Brian
Triple Stumper
    $800 24
the Epistles

Marty
    $800 11
Duluth

Marty
    $800 29
Chartres

Marty
    $1000 23
Poland

Brian
    $1000 17
(William) Kennedy

Marty
    $1000 9
(Marty: What is the Agrarian Party?)

the Populist Party

Marty
Triple Stumper
    $1000 25
Damascus

Brian
    $1000 12
(Brian: Who's Garrison Keillor?)

Sinclair Lewis

Brian
Triple Stumper
    $1,000 30
(Marc) Chagall

Marty

Scores at the end of the Double Jeopardy! Round:

Marty Ann Elizabeth Brian
$9,300 $200 $3,200
(lock game)

[wagering suggestions for these scores]

Final Jeopardy! Round responses

PLANTS & TREES
(Alex: Well, I don't think he wrote enough, although that is the correct response. Botany Bay is Australia. What's Australia famous for? The [*] trees.)
Ann ElizabethWhat is palm?
$100
BrianWhat is a palm?
$1,000
MartyWhat is ironw eucaly
$2,000
eucalyptus

Final scores:

Marty Ann Elizabeth Brian
$7,300 $100 $2,200
2-day champion: $13,800 3rd place: MCE stereo system + Wheel of Fortune & Jeopardy! games for the Super Nintendo & Sega Genesis 2nd place: trip to Ixtapa, Mexico

Game dynamics:

Coryat scores:

Marty Ann Elizabeth Brian
$9,300 $200 $4,400
25 R
(including 1 DD),
5 W
8 R,
4 W
19 R
(including 1 DD),
4 W
(including 1 DD)

Combined Coryat: $13,900

[game clues] [game scores] [suggest correction]

Game tape date: 1992-09-21
The J! Archive is created by fans, for fans. Scraping, republication, monetization, and malicious use prohibited; this site may use cookies and collect identifying information. See terms. The Jeopardy! game show and all elements thereof, including but not limited to copyright and trademark thereto, are the property of Jeopardy Productions, Inc. and are protected under law. This website is not affiliated with, sponsored by, or operated by Jeopardy Productions, Inc. Join the discussion at JBoard.tv.